[Event "RUS-ch Higher League 77th"]
[Site "Lipetsk"]
[Date "2025.07.03"]
[Round "7"]
[White "Grebnev, Aleksey"]
[Black "Khubukshanov, Erdem"]
[Result "1/2-1/2"]
[WhiteElo "2552"]
[BlackElo "2490"]
[PlyCount "82"]
[EventDate "2025.06.26"]
[EventType "swiss"]
[EventRounds "9"]
[EventCountry "RUS"]
[SourceTitle "CB28_2025"]
[SourceDate "2025.07.09"]
[SourceVersion "1"]
[SourceVersionDate "2025.07.09"]
[SourceQuality "1"]

1. e4 e5 2. Nf3 Nc6 3. Bc4 Nf6 4. d3 Bc5 5. c3 d6 6. 0-0 a5 7. h3 h6 8. Re1 g5 9. d4 Ba7 10. dxe5 Nxe5 11. Be3 Bxe3 12. Rxe3 Qe7 13. Nbd2 g4 14. Nxe5 dxe5 15. h4 Bd7 16. b4 0-0 17. Qe2 Rfd8 18. Nf1 Ne8 19. g3 Nd6 20. Bd3 h5 21. Qb2 axb4 22. Qxb4 Ra4 23. Qb2 Be6 24. Nd2 b6 25. Bc2 Ra5 26. Bb3 Rda8 27. Ree1 Qf6 28. Bxe6 Qxe6 29. a3 Ra4 30. Re3 Kg7 31. Qc1 Nb5 32. c4 Nd4 33. Qb2 Qe7 34. Kg2 Kg8 35. Qc1 Qe6 36. Qb2 Qc6 37. Kg1 R8a5 38. Rc1 Qd6 39. Rcc3 Ra8 40. Rcd3 Qe7 41. Kg2 Qe6 1/2-1/2

[Event "RUS-ch Higher League 77th"]
[Site "Lipetsk"]
[Date "2025.06.28"]
[Round "3"]
[White "Grebnev, Aleksey"]
[Black "Afanasiev, Nikita"]
[Result "1/2-1/2"]
[WhiteElo "2552"]
[BlackElo "2511"]
[PlyCount "75"]
[EventDate "2025.06.26"]
[EventType "swiss"]
[EventRounds "9"]
[EventCountry "RUS"]
[SourceTitle "CB28_2025"]
[SourceDate "2025.07.09"]
[SourceVersion "1"]
[SourceVersionDate "2025.07.09"]
[SourceQuality "1"]

1. e4 e5 2. Nf3 Nc6 3. Bc4 Nf6 4. d3 d5 5. exd5 Nxd5 6. 0-0 Be7 7. Re1 f6 8. h3 Nb6 9. Bb3 Bf5 10. Nh4 Qd7 11. Nxf5 Qxf5 12. Nc3 0-0-0 13. Be3 Nd4 14. Ne4 Kb8 15. Ng3 Qg6 16. Qg4 Nc8 17. Rad1 Rhf8 18. Bxd4 Rxd4 19. Qxg6 hxg6 20. Ne2 Rdd8 21. d4 Bd6 22. dxe5 Bxe5 23. c3 g5 24. g3 a5 25. Kg2 Nb6 26. a4 c5 27. Ng1 Rxd1 28. Rxd1 f5 29. Nf3 Bf6 30. Re1 Kc7 31. Nd2 Rd8 32. Nf1 f4 33. gxf4 gxf4 34. Re2 Nd7 35. Nd2 Ne5 36. Nf3 Re8 37. Nxe5 Rxe5 38. Rxe5 1/2-1/2

[Event "Asia CCCL"]
[Site "Khanty-Mansiysk"]
[Date "2025.06.24"]
[Round "7.3"]
[White "Akhmetov, Ayan"]
[Black "Grebnev, Aleksey"]
[Result "0-1"]
[WhiteElo "2410"]
[BlackElo "2552"]
[PlyCount "128"]
[EventDate "2025.06.18"]
[EventType "team-tourn"]
[EventRounds "7"]
[EventCountry "RUS"]
[SourceTitle "CB27_2025"]
[SourceDate "2025.07.02"]
[SourceVersion "1"]
[SourceVersionDate "2025.07.02"]
[SourceQuality "1"]
[WhiteTeam "Astana"]
[BlackTeam "Ugra Chess Academy"]
[WhiteTeamCountry "KAZ"]
[BlackTeamCountry "RUS"]

1. d4 Nf6 2. Bf4 d5 3. Nf3 e6 4. e3 c5 5. Nbd2 Nc6 6. c3 Nh5 7. Bg5 f6 8. Bh4 g6 9. Be2 cxd4 10. Nxd4 Ng7 11. e4 Nxd4 12. cxd4 dxe4 13. Qa4+ Bd7 14. Bb5 Be7 15. Nxe4 g5 16. Bg3 a6 17. Bxd7+ Qxd7 18. Qxd7+ Kxd7 19. f4 h6 20. 0-0 Nf5 21. fxg5 hxg5 22. d5 Nxg3 23. dxe6+ Kxe6 24. Nxg3 Bc5+ 25. Kh1 Bd6 26. Rae1+ Be5 27. Ne4 Rxh2+ 28. Kg1 Rah8 29. Kf2 R8h4 30. Nc5+ Kf5 31. Nd3 Bd6 32. Re8 Rg4 33. Kg1+ Kg6 34. Rf2 Rgh4 35. Kf1 Kf7 36. Rd8 Ke7 37. Rg8 Rd4 38. Rg7+ Ke6 39. Ke2 Be7 40. Ke3 Rhh4 41. Kd2 Rhe4 42. Kc2 Rd5 43. Rd2 b6 44. b3 Re3 45. a4 Rd8 46. Rh7 Rc8+ 47. Kd1 Rd8 48. Kc2 a5 49. Rh1 Rc8+ 50. Kb2 Rd8 51. Rhd1 Rd4 52. Kc2 f5 53. Rh1 Bf6 54. Rh7 f4 55. Rb7 Rd6 56. b4 axb4 57. Nxf4+ gxf4 58. Rxd6+ Kxd6 59. Rxb6+ Ke5 60. Rb5+ Ke4 61. Rxb4+ Bd4 62. a5 Re2+ 63. Kb3 Rxg2 64. a6 Rb2+ 0-1

[Event "Asia CCCL"]
[Site "Khanty-Mansiysk"]
[Date "2025.06.18"]
[Round "1.3"]
[White "Grebnev, Aleksey"]
[Black "Gunbayar, Myagmarsuren"]
[Result "1-0"]
[WhiteElo "2552"]
[BlackElo "2230"]
[PlyCount "79"]
[EventDate "2025.06.18"]
[EventType "team-tourn"]
[EventRounds "7"]
[EventCountry "RUS"]
[SourceTitle "CB27_2025"]
[SourceDate "2025.07.02"]
[SourceVersion "1"]
[SourceVersionDate "2025.07.02"]
[SourceQuality "1"]
[WhiteTeam "Ugra Chess Academy"]
[BlackTeam "Zandanshatar CC"]
[WhiteTeamCountry "RUS"]
[BlackTeamCountry "MGL"]

1. c4 e5 2. d3 Nc6 3. Nf3 Nf6 4. a3 a5 5. Nc3 Bc5 6. g3 0-0 7. Bg2 Re8 8. 0-0 h6 9. b3 d6 10. Bb2 Bg4 11. h3 Bf5 12. e4 Bd7 13. Ne2 Rb8 14. Kh2 b5 15. Bc3 b4 16. axb4 axb4 17. Bb2 Ra8 18. Nh4 Rxa1 19. Qxa1 Qa8 20. f4 Qxa1 21. Rxa1 g5 22. Nf3 g4 23. Nfg1 gxh3 24. Bxh3 Ng4+ 25. Bxg4 Bxg4 26. f5 Bb6 27. Kg2 Na5 28. Nc1 Bd1 29. Na2 Bg4 30. Nxb4 Nxb3 31. Ra2 Rb8 32. Nc6 Rb7 33. Ra8+ Kg7 34. Ne7 h5 35. Rg8+ Kh7 36. f6 Nc5 37. Rg7+ Kh8 38. Rxf7 Ne6 39. Ng6+ Kg8 40. Re7 1-0

[Event "Asia-ch"]
[Site "Al Ain"]
[Date "2025.05.09"]
[Round "3"]
[White "Grebnev, Aleksey"]
[Black "Vokhidov, Shamsiddin"]
[Result "1/2-1/2"]
[WhiteElo "2556"]
[BlackElo "2641"]
[PlyCount "92"]
[EventDate "2025.05.07"]
[EventType "swiss"]
[EventRounds "9"]
[EventCountry "UAE"]
[SourceTitle "CB21_2025"]
[SourceDate "2025.05.21"]
[SourceVersion "1"]
[SourceVersionDate "2025.05.21"]
[SourceQuality "1"]

1. e4 e5 2. Nf3 Nc6 3. Bb5 a6 4. Ba4 Nf6 5. d3 d6 6. c4 Bg4 7. h3 Bxf3 8. Qxf3 g6 9. Nc3 Bg7 10. 0-0 Nd7 11. Bxc6 bxc6 12. b4 Nf8 13. Be3 Ne6 14. a4 0-0 15. b5 axb5 16. axb5 Qd7 17. Rfb1 Rfb8 18. Qd1 Rxa1 19. Rxa1 Qe8 20. Ra6 cxb5 21. cxb5 h5 22. Qa4 Nd4 23. Ra5 c6 24. bxc6 Qxc6 25. Qxc6 Nxc6 26. Ra6 Rc8 27. Nd5 Bf8 28. Bg5 Kh7 29. h4 Nd4 30. Ra7 Kg7 31. Bf6+ Kg8 32. Ne7+ Bxe7 33. Rxe7 Ne2+ 34. Kh2 Nf4 35. d4 exd4 36. Bxd4 Ne6 37. Bf6 Ng7 38. Rd7 Ne8 39. Be7 Kg7 40. Bxd6 Nxd6 41. Rxd6 Rc4 42. f3 f5 43. exf5 gxf5 44. Kh3 Ra4 45. Re6 Rc4 46. Kg3 Ra4 1/2-1/2

[Event "RUS-chT 32nd"]
[Site "Sochi"]
[Date "2025.05.05"]
[Round "9.3"]
[White "Grebnev, Aleksey"]
[Black "Iljiushenok, Ilia"]
[Result "1/2-1/2"]
[WhiteElo "2556"]
[BlackElo "2506"]
[PlyCount "99"]
[EventDate "2025.04.26"]
[EventType "team-swiss"]
[EventRounds "9"]
[EventCountry "RUS"]
[SourceTitle "CB19_2025"]
[SourceDate "2025.05.07"]
[SourceVersion "1"]
[SourceVersionDate "2025.05.07"]
[SourceQuality "1"]
[WhiteTeam "Moscow Russian ChSchool"]
[BlackTeam "Moscow Region"]
[WhiteTeamCountry "RUS"]
[BlackTeamCountry "RUS"]

1. e4 c5 2. Nf3 e6 3. d4 cxd4 4. Qxd4 Nc6 5. Qe3 Nf6 6. Nc3 Bb4 7. Bd2 d5 8. exd5 Nxd5 9. Nxd5 Qxd5 10. Bd3 Bxd2+ 11. Nxd2 Qd4 12. Qxd4 Nxd4 13. c3 Nc6 14. 0-0-0 Ke7 15. Be4 Bd7 16. f4 Rac8 17. Rhe1 Rhd8 18. Nf3 h6 19. b3 Be8 20. Rxd8 Nxd8 21. Kb2 Bc6 22. b4 a6 23. Ne5 Bxe4 24. Rxe4 g5 25. g3 f6 26. Nd3 b6 27. Kb3 Nf7 28. a4 Nd6 29. Re2 f5 30. Ne5 Ne4 31. c4 gxf4 32. gxf4 Rg8 33. Re3 Rg2 34. Rh3 Nd2+ 35. Kc3 Ne4+ 36. Kd4 Rd2+ 37. Ke3 Ra2 38. Rxh6 Rxa4 39. h4 Nf6 40. Kd4 Ra1 41. Rh8 Rf1 42. Ke3 Kd6 43. h5 Ng4+ 44. Nxg4 fxg4 45. Rg8 Rh1 46. Rg5 Rh2 47. Ke4 Re2+ 48. Kd3 Rh2 49. Ke3 g3 50. Kf3 1/2-1/2

[Event "RUS-chT 32nd"]
[Site "Sochi"]
[Date "2025.04.30"]
[Round "5.3"]
[White "Grebnev, Aleksey"]
[Black "Levin, Evgeny A"]
[Result "1/2-1/2"]
[WhiteElo "2556"]
[BlackElo "2458"]
[PlyCount "218"]
[EventDate "2025.04.26"]
[EventType "team-swiss"]
[EventRounds "9"]
[EventCountry "RUS"]
[SourceTitle "CB19_2025"]
[SourceDate "2025.05.07"]
[SourceVersion "1"]
[SourceVersionDate "2025.05.07"]
[SourceQuality "1"]
[WhiteTeam "Moscow Russian ChSchool"]
[BlackTeam "St Petersburg SSHOR"]
[WhiteTeamCountry "RUS"]
[BlackTeamCountry "RUS"]

1. d4 Nf6 2. c4 e6 3. Nc3 Bb4 4. g3 Bxc3+ 5. bxc3 0-0 6. Bg2 d6 7. f4 Nc6 8. Nh3 Na5 9. e4 e5 10. Nf2 Nxc4 11. 0-0 h6 12. g4 Nh7 13. Qd3 b5 14. Qg3 c5 15. dxe5 dxe5 16. f5 b4 17. h4 bxc3 18. Rd1 Qa5 19. Rd3 c2 20. Rc3 Ba6 21. Rxc2 Rfd8 22. g5 hxg5 23. hxg5 Rd4 24. Rb1 Qe1+ 25. Kh2 Rd2 26. Qc3 Rad8 27. Bxd2 Qxb1 28. Bc1 Rd4 29. Qb3 Qxb3 30. axb3 Na5 31. Be3 Nxb3 32. Bxd4 Nxd4 33. Rxc5 Nxg5 34. Ra5 Be2 35. Rxa7 f6 36. Kg3 Kh7 37. Ra1 g6 38. fxg6+ Kxg6 39. Rb1 f5 40. Rb6+ Kg7 41. exf5 Nxf5+ 42. Kh2 Nd4 43. Bd5 Nf5 44. Be4 Nxe4 45. Nxe4 Nd4 46. Kg3 Kf7 47. Kf2 Ke7 48. Ke3 Bb5 49. Nd2 Bc6 50. Nc4 Ke6 51. Kd3 Kd5 52. Ne3+ Kc5 53. Rb1 Bf3 54. Rc1+ Kd6 55. Nc4+ Kd5 56. Ke3 Bg2 57. Nd2 Ke6 58. Nb1 Bd5 59. Nc3 Bc6 60. Rb1 Kf5 61. Rb6 Bg2 62. Rb8 Bc6 63. Rh8 Ke6 64. Kd3 Bg2 65. Nd1 Nf5 66. Rg8 Bf3 67. Nc3 Nd4 68. Ke3 Bc6 69. Kd2 Kf5 70. Rf8+ Ke6 71. Nd1 Nf5 72. Nb2 Bb5 73. Rb8 Nd4 74. Nd1 Bc6 75. Ne3 Kf6 76. Kc3 Bf3 77. Kc4 Kg5 78. Rf8 Be4 79. Kc3 Ne2+ 80. Kd2 Nf4 81. Nc4 Ng6 82. Rf1 Bd5 83. Ne3 Be4 84. Kc3 Nf4 85. Re1 Bd3 86. Nd5 Nxd5+ 87. Kxd3 Kf5 88. Rf1+ Ke6 89. Ke4 Nf6+ 90. Ke3 Nd5+ 91. Kf3 Nf6 92. Kg3 Ne4+ 93. Kg4 Nf6+ 94. Kg5 Ne4+ 95. Kg6 Nd6 96. Ra1 Kd5 97. Ra6 Ke6 98. Kg5 Kd5 99. Kf6 Ne4+ 100. Ke7 Nc5 101. Ra1 e4 102. Kf6 e3 103. Kf5 e2 104. Re1 Ne6 105. Kg4 Nd4 106. Kf4 Kc4 107. Ke4 Kc3 108. Ke3 Nc2+ 109. Kxe2 Nxe1 1/2-1/2

[Event "RUS-chT 32nd"]
[Site "Sochi"]
[Date "2025.04.27"]
[Round "2.3"]
[White "Grebnev, Aleksey"]
[Black "Maslovskiy, Vladimir"]
[Result "1/2-1/2"]
[WhiteElo "2556"]
[BlackElo "2370"]
[PlyCount "169"]
[EventDate "2025.04.26"]
[EventType "team-swiss"]
[EventRounds "9"]
[EventCountry "RUS"]
[SourceTitle "CB19_2025"]
[SourceDate "2025.05.07"]
[SourceVersion "1"]
[SourceVersionDate "2025.05.07"]
[SourceQuality "1"]
[WhiteTeam "Moscow Russian ChSchool"]
[BlackTeam "Moscow Temus Tim"]
[WhiteTeamCountry "RUS"]
[BlackTeamCountry "RUS"]

1. d4 Nf6 2. c4 e6 3. Nc3 d5 4. cxd5 exd5 5. Bg5 Be7 6. e3 c6 7. Bd3 Nbd7 8. h3 0-0 9. Nf3 Re8 10. 0-0 Nf8 11. Qb1 g6 12. b4 Ne6 13. Bh4 a6 14. a4 a5 15. b5 c5 16. dxc5 Nxc5 17. Bc2 Be6 18. Qb2 Nfd7 19. Bxe7 Qxe7 20. Rfd1 Nb6 21. Ne2 Rac8 22. Nf4 Ncd7 23. Bb3 Qb4 24. Rd4 Nc4 25. Qa2 Nc5 26. Rb1 Nxb3 27. Rxb3 Qd6 28. Rbd3 Red8 29. Qa1 Ne5 30. Nxe5 Qxe5 31. Qd1 Rc5 32. h4 Rdc8 33. Ne2 Rc4 34. Rd2 Kg7 35. Qb3 b6 36. Qa3 R8c5 37. Qb2 Kg8 38. Nf4 Rc1+ 39. Kh2 h6 40. g3 Qf5 41. e4 Qf6 42. Rxd5 Qxb2 43. Rd8+ Kg7 44. Nxe6+ fxe6 45. Rxb2 R1c2 46. Rxc2 Rxc2 47. Kg2 Kf6 48. Rb8 Rc4 49. Kf3 Rxa4 50. Rxb6 Rb4 51. Kf4 g5+ 52. hxg5+ hxg5+ 53. Ke3 a4 54. Ra6 Rxb5 55. Rxa4 Rb3+ 56. Kd4 Rb2 57. Ra8 Rb4+ 58. Kd3 Ke5 59. Ra5+ Kf6 60. Rc5 Rb2 61. Rc2 Rb4 62. Rc3 Ke5 63. Rc5+ Kf6 64. Rc4 Rb2 65. Rc8 Rb4 66. Rc5 Rb2 67. Ke3 Rb3+ 68. Ke2 Ra3 69. Rb5 Rc3 70. Kd2 Rf3 71. Ke2 Ra3 72. Rb2 Ke5 73. Rb4 g4 74. Kf1 Ra5 75. Kg2 Rc5 76. f4+ gxf3+ 77. Kxf3 Rc3+ 78. Kg4 Rc8 79. Ra4 Rb8 80. Kh3 Rh8+ 81. Kg2 Rb8 82. Kf3 Rb3+ 83. Kg4 Rb8 84. Ra1 Kxe4 85. Re1+ 1/2-1/2

[Event "Titled Tuesday intern op 25th Mar Early"]
[Site "Chess.com INT"]
[Date "2025.03.25"]
[Round "2"]
[White "Garcia Almaguer, Juan Manuel"]
[Black "Grebnev, Aleksey"]
[Result "0-1"]
[WhiteElo "2142"]
[BlackElo "2555"]
[PlyCount "82"]
[EventDate "2025.03.25"]
[EventType "swiss (blitz)"]
[EventRounds "11"]
[EventCountry "USA"]
[SourceTitle "CB14_2025"]
[SourceDate "2024.11.01"]
[SourceVersion "1"]
[SourceVersionDate "2024.11.01"]
[SourceQuality "1"]

1. e4 c5 2. Nf3 d6 3. Bc4 a6 4. a4 e6 5. d3 Nf6 6. 0-0 Be7 7. Re1 0-0 8. c3 b6 9. Bf4 Bb7 10. h3 Nc6 11. Nbd2 Rc8 12. Qe2 h6 13. Rad1 Re8 14. Bh2 Qd7 15. e5 dxe5 16. Nxe5 Nxe5 17. Qxe5 Qxa4 18. Ra1 Qc6 19. Nf3 b5 20. Bb3 Red8 21. Bc2 Bd6 22. Qe3 Bxh2+ 23. Kxh2 Rd5 24. Rg1 Rcd8 25. Ne5 Qc7 26. f4 Nd7 27. Rae1 Nxe5 28. fxe5 f6 29. d4 cxd4 30. Qg3 Rxe5 31. Bb3 Kh8 32. cxd4 Rxd4 33. Bxe6 Qd6 34. Rxe5 Qxe5 35. Qxe5 fxe5 36. Rf1 Rf4 37. Rd1 Rf2 38. Rd8+ Kh7 39. Bd5 Bxd5 40. Rxd5 Rxb2 41. Rxe5 a5 0-1

[Event "Wch U20 62nd"]
[Site "Petrovac"]
[Date "2025.03.06"]
[Round "10"]
[White "Grebnev, Aleksey"]
[Black "Pranav, V."]
[Result "1/2-1/2"]
[WhiteElo "2555"]
[BlackElo "2615"]
[PlyCount "80"]
[EventDate "2025.02.25"]
[EventType "swiss"]
[EventRounds "11"]
[EventCountry "MNE"]
[SourceTitle "CB11_2025"]
[SourceDate "2025.03.12"]
[SourceVersion "1"]
[SourceVersionDate "2025.03.12"]
[SourceQuality "1"]

1. e4 e5 2. Nf3 Nf6 3. d4 Nxe4 4. dxe5 d5 5. Nbd2 Qd7 6. Bd3 Nc5 7. Be2 Ne6 8. 0-0 Be7 9. h3 0-0 10. Nh2 Nc6 11. Ndf3 f6 12. exf6 Bxf6 13. Ng4 Qd6 14. Re1 Ned4 15. Nxf6+ Qxf6 16. c3 Nxe2+ 17. Rxe2 Qd6 18. Nd4 Nxd4 19. Qxd4 c5 20. Qe5 Qxe5 21. Rxe5 Rf5 22. Re8+ Rf8 23. Rxf8+ Kxf8 24. Bf4 b6 25. a4 Bd7 26. a5 Bc6 27. Bc7 Kf7 28. axb6 axb6 29. Rxa8 Bxa8 30. Bxb6 c4 31. f3 Bc6 32. Kf2 Ba4 33. Ke3 Bc2 34. Bd4 g6 35. g4 h5 36. gxh5 gxh5 37. Kf4 Bd1 38. h4 Ke6 39. Bh8 Be2 40. Bd4 Bd1 1/2-1/2

[Event "Wch U20 62nd"]
[Site "Petrovac"]
[Date "2025.03.03"]
[Round "7"]
[White "Grebnev, Aleksey"]
[Black "Luczak, Filip"]
[Result "1-0"]
[WhiteElo "2555"]
[BlackElo "2340"]
[PlyCount "97"]
[EventDate "2025.02.25"]
[EventType "swiss"]
[EventRounds "11"]
[EventCountry "MNE"]
[SourceTitle "CB11_2025"]
[SourceDate "2025.03.12"]
[SourceVersion "1"]
[SourceVersionDate "2025.03.12"]
[SourceQuality "1"]

1. Nf3 Nf6 2. c4 g6 3. Nc3 Bg7 4. e4 d6 5. d4 0-0 6. Bd3 Bg4 7. Be2 c5 8. d5 e6 9. 0-0 exd5 10. exd5 Re8 11. h3 Bf5 12. Bd3 Ne4 13. Nxe4 Bxe4 14. Bxe4 Rxe4 15. Qd3 Re8 16. Bf4 Qb6 17. Rae1 Nd7 18. b3 Ne5 19. Nxe5 Bxe5 20. Bh6 Qa5 21. Re4 f5 22. Re2 Qc3 23. Qd1 Qd4 24. Qxd4 cxd4 25. Rfe1 Kf7 26. f4 d3 27. fxe5 dxe2 28. e6+ Kf6 29. Bf4 Ke7 30. Bg5+ Kf8 31. Rxe2 Rac8 32. a4 b6 33. Kf2 a6 34. Ke3 b5 35. axb5 axb5 36. Kd4 bxc4 37. bxc4 Rc7 38. Ra2 Rec8 39. Ra4 h5 40. h4 Ke8 41. Kd3 Rb7 42. Bf4 Rd8 43. Ra6 Rb2 44. g3 Rdb8 45. Bxd6 R2b6 46. Bxb8 Rxa6 47. Kd4 Ra3 48. Bf4 Ra4 49. d6 1-0

[Event "Wch U20 62nd"]
[Site "Petrovac"]
[Date "2025.03.02"]
[Round "6"]
[White "Omonov, Asrorjon"]
[Black "Grebnev, Aleksey"]
[Result "0-1"]
[WhiteElo "2399"]
[BlackElo "2555"]
[PlyCount "120"]
[EventDate "2025.02.25"]
[EventType "swiss"]
[EventRounds "11"]
[EventCountry "MNE"]
[SourceTitle "CB11_2025"]
[SourceDate "2025.03.12"]
[SourceVersion "1"]
[SourceVersionDate "2025.03.12"]
[SourceQuality "1"]

1. d4 Nf6 2. c4 e6 3. Nc3 Bb4 4. e3 Bxc3+ 5. bxc3 b6 6. Bd3 Bb7 7. f3 d6 8. Ne2 Nfd7 9. 0-0 Nc6 10. Ba3 0-0 11. e4 Ba6 12. Ng3 Na5 13. Qe2 c5 14. f4 Rc8 15. e5 f5 16. Rae1 cxd4 17. cxd4 Bxc4 18. Bxd6 Re8 19. Bxc4 Nxc4 20. d5 Nxd6 21. exd6 Nf6 22. dxe6 Qxd6 23. Qe5 Qc5+ 24. Kh1 Rc6 25. Qxf5 Qxf5 26. Nxf5 Rcxe6 27. Rc1 g6 28. Nd4 Re4 29. Nb5 Ra4 30. f5 Nd5 31. fxg6 hxg6 32. Rfd1 Re5 33. Rd2 Nf6 34. Nd6 Rd5 35. Rxd5 Nxd5 36. Rc2 Nb4 37. Rc7 Rxa2 38. h3 a5 39. Ne4 a4 40. Rd7 Kf8 41. Kg1 Nc6 42. Nf6 Ne7 43. Rb7 Rb2 44. Nd7+ Kf7 45. Nxb6 a3 46. Ra7 Rxb6 47. Rxa3 Rb2 48. Rf3+ Kg7 49. Rf2 Rxf2 50. Kxf2 Kf6 51. Kf3 Kg5 52. Kg3 Nc6 53. Kf3 Kf5 54. Ke3 Ne7 55. Kf3 Nd5 56. Kg3 Nf6 57. Kf3 Ne4 58. h4 Nf6 59. Kg3 Ke4 60. Kh3 Kf4 0-1

[Event "Wch U20 62nd"]
[Site "Petrovac"]
[Date "2025.02.27"]
[Round "3"]
[White "Grebnev, Aleksey"]
[Black "Campos Gomez, Manuel"]
[Result "0-1"]
[WhiteElo "2555"]
[BlackElo "2323"]
[PlyCount "108"]
[EventDate "2025.02.25"]
[EventType "swiss"]
[EventRounds "11"]
[EventCountry "MNE"]
[SourceTitle "CB11_2025"]
[SourceDate "2025.03.12"]
[SourceVersion "1"]
[SourceVersionDate "2025.03.12"]
[SourceQuality "1"]

1. e4 e6 2. d4 d5 3. Nc3 Nf6 4. e5 Nfd7 5. f4 c5 6. dxc5 Bxc5 7. Bd2 0-0 8. Qg4 f5 9. Qh3 d4 10. Na4 Be7 11. Nf3 a6 12. Bc4 b5 13. Bxe6+ Kh8 14. 0-0-0 bxa4 15. Nxd4 Nc5 16. Bxf5 Bxf5 17. Nxf5 Nc6 18. Bc3 Qc8 19. g4 Ne4 20. Qe3 Nxc3 21. Qxc3 Qe6 22. Kb1 Nb4 23. Qa3 Qc6 24. Nd4 Qb7 25. Nf5 Qc6 26. Nd4 Qe4 27. Qxa4 Rfd8 28. Ne6 Rd2 29. Rhe1 Bh4 30. Rg1 Rxc2 31. Ka1 Rc6 32. Qb3 Nc2+ 33. Kb1 Rac8 34. Qd3 Na3+ 35. bxa3 Rc1+ 36. Rxc1 Qxd3+ 37. Ka1 Qd7 38. f5 Bf2 39. Rxc8+ Qxc8 40. Rd1 Qc3+ 41. Kb1 Bb6 42. Rc1 Qd3+ 43. Rc2 h5 44. h3 Qb5+ 45. Ka1 Qxe5+ 46. Kb1 Qb5+ 47. Ka1 Qd7 48. Rc4 Bd8 49. Kb2 Qb5+ 50. Rb4 Bf6+ 51. Kb3 Qd3+ 52. Ka4 Qc2+ 53. Rb3 Qc6+ 54. Kb4 Qb5# 0-1

[Event "Wch Blitz"]
[Site "New York"]
[Date "2024.12.30"]
[Round "10"]
[White "Grebnev, Aleksey"]
[Black "Safarli, Eltaj"]
[Result "1/2-1/2"]
[WhiteElo "2555"]
[BlackElo "2610"]
[PlyCount "89"]
[EventDate "2024.12.30"]
[EventType "swiss (blitz)"]
[EventRounds "13"]
[EventCountry "USA"]
[SourceTitle "CB01_2025"]
[SourceDate "2025.01.01"]
[SourceVersion "1"]
[SourceVersionDate "2025.01.01"]
[SourceQuality "1"]

1. d4 Nf6 2. c4 e6 3. Nc3 Bb4 4. e3 0-0 5. Bd3 d5 6. a3 dxc4 7. Bxc4 Be7 8. Nf3 a6 9. 0-0 c5 10. dxc5 Bxc5 11. b4 Bd6 12. Bb2 b5 13. Bb3 Bb7 14. Qe2 Nbd7 15. Rfd1 Qe7 16. Rac1 Rac8 17. Nb1 Rxc1 18. Rxc1 Ne4 19. Nbd2 Nxd2 20. Nxd2 Qh4 21. h3 Nf6 22. Nf3 Qh5 23. Bxf6 gxf6 24. Rd1 Rd8 25. Rd4 Bxf3 26. Qxf3 Qxf3 27. gxf3 Kf8 28. Kf1 Ke7 29. Rd2 f5 30. Rc2 f4 31. Rc6 Ra8 32. Bc2 a5 33. Rb6 axb4 34. axb4 Ra1+ 35. Ke2 Ra2 36. Kd3 Bxb4 37. Rxb5 Be1 38. exf4 Bxf2 39. f5 Ra3+ 40. Ke2 Bd4 41. fxe6 Re3+ 42. Kd2 Rxf3 43. exf7 Kxf7 44. Rh5 h6 45. Rf5+ 1/2-1/2

[Event "Wch Blitz"]
[Site "New York"]
[Date "2024.12.30"]
[Round "13"]
[White "Grebnev, Aleksey"]
[Black "Shimanov, Aleksandr"]
[Result "0-1"]
[WhiteElo "2555"]
[BlackElo "2593"]
[PlyCount "134"]
[EventDate "2024.12.30"]
[EventType "swiss (blitz)"]
[EventRounds "13"]
[EventCountry "USA"]
[SourceTitle "CB01_2025"]
[SourceDate "2025.01.01"]
[SourceVersion "1"]
[SourceVersionDate "2025.01.01"]
[SourceQuality "1"]

1. d4 b6 2. e4 Bb7 3. Bd3 e6 4. Nf3 c5 5. c3 Nf6 6. 0-0 Nxe4 7. Re1 Nf6 8. c4 cxd4 9. Nxd4 Be7 10. Nc3 0-0 11. Bc2 d6 12. b3 Nbd7 13. Bb2 a6 14. Qe2 Re8 15. Rad1 Nf8 16. f4 Qc7 17. f5 e5 18. Nf3 N8d7 19. Bb1 Bc6 20. Ng5 b5 21. Nge4 bxc4 22. bxc4 Rab8 23. Ba3 Nxe4 24. Nxe4 Bxe4 25. Bxe4 Nf6 26. Bc2 Qa5 27. Qf3 Rec8 28. c5 dxc5 29. Rxe5 Qc7 30. Ree1 Bd6 31. h3 Be5 32. Bc1 h6 33. Be3 Rb2 34. Bb3 c4 35. Rc1 c3 36. Bf2 c2 37. Kh1 Bf4 38. Bb6 Qxb6 39. Qxf4 Qc7 40. Qxc7 Rxc7 41. Re2 Kf8 42. Rexc2 Rcxc2 43. Rxc2 Rxc2 44. Bxc2 Nd5 45. g4 Ke7 46. Bb3 Nf4 47. Kh2 g5 48. fxg6 fxg6 49. Kg3 g5 50. h4 Kd6 51. hxg5 hxg5 52. Kf3 Ke5 53. Ke3 a5 54. a4 Ng6 55. Bc4 Ne7 56. Bb3 Nc8 57. Bd1 Nd6 58. Bb3 Nb7 59. Bd1 Nc5 60. Bc2 Kd5 61. Bd1 Kc4 62. Bf3 Nxa4 63. Ke4 Nc3+ 64. Kf5 a4 65. Bc6 a3 66. Be8 a2 67. Bf7+ Nd5 0-1

[Event "Wch Blitz"]
[Site "New York"]
[Date "2024.12.30"]
[Round "6"]
[White "Grebnev, Aleksey"]
[Black "Smirnov, Mark1"]
[Result "1-0"]
[WhiteElo "2555"]
[BlackElo "2336"]
[PlyCount "63"]
[EventDate "2024.12.30"]
[EventType "swiss (blitz)"]
[EventRounds "13"]
[EventCountry "USA"]
[SourceTitle "CB01_2025"]
[SourceDate "2025.01.01"]
[SourceVersion "1"]
[SourceVersionDate "2025.01.01"]
[SourceQuality "1"]

1. d4 Nf6 2. c4 e6 3. Nc3 Bb4 4. e3 0-0 5. Bd3 d5 6. a3 Bxc3+ 7. bxc3 dxc4 8. Bxc4 c5 9. Nf3 Qc7 10. Be2 Nc6 11. Bb2 Rd8 12. Qc2 e5 13. dxe5 Nxe5 14. c4 Nxf3+ 15. Bxf3 Qe7 16. 0-0 Be6 17. Rab1 Ne8 18. Rbd1 Rxd1 19. Rxd1 Rd8 20. Rxd8 Qxd8 21. Bxb7 Qb6 22. Be4 h6 23. h3 Nd6 24. Bd5 Bxd5 25. cxd5 c4 26. Be5 Qb3 27. Qe2 Ne8 28. Qg4 Qb1+ 29. Kh2 Qb7 30. Qxc4 Qe7 31. Bg3 Qxa3 32. Qc8 1-0

[Event "Wch Blitz"]
[Site "New York"]
[Date "2024.12.30"]
[Round "9"]
[White "Petrosian, Tigran L"]
[Black "Grebnev, Aleksey"]
[Result "0-1"]
[WhiteElo "2551"]
[BlackElo "2555"]
[PlyCount "75"]
[EventDate "2024.12.30"]
[EventType "swiss (blitz)"]
[EventRounds "13"]
[EventCountry "USA"]
[SourceTitle "CB01_2025"]
[SourceDate "2025.01.01"]
[SourceVersion "1"]
[SourceVersionDate "2025.01.01"]
[SourceQuality "1"]

1. Nf3 d5 2. g3 Nf6 3. Bg2 e6 4. 0-0 Be7 5. d3 0-0 6. Nbd2 c5 7. e4 Nc6 8. Re1 a5 9. e5 Nd7 10. Nf1 a4 11. a3 b5 12. h4 Bb7 13. N1h2 Re8 14. Bf4 b4 15. h5 h6 16. Qd2 Bf8 17. g4 bxa3 18. bxa3 f6 19. exf6 Qxf6 20. Rab1 Ba6 21. g5 hxg5 22. Bxg5 Qf7 23. h6 Rab8 24. Rxb8 Rxb8 25. hxg7 Bxg7 26. Bh6 Qg6 27. Bxg7 Kxg7 28. Qf4 e5 29. Qxa4 Bb5 30. Qg4 Qxg4 31. Nxg4 Re8 32. Nd2 Nd4 33. c4 dxc4 34. dxc4 Bc6 35. f4 Bxg2 36. Kxg2 Rb8 37. Kg3 Rb2 38. Ne4 0-1

[Event "Wch Rapid"]
[Site "New York"]
[Date "2024.12.27"]
[Round "6"]
[White "Grebnev, Aleksey"]
[Black "Le, Quang Liem"]
[Result "1/2-1/2"]
[WhiteElo "2496"]
[BlackElo "2657"]
[PlyCount "94"]
[EventDate "2024.12.26"]
[EventType "swiss (rapid)"]
[EventRounds "13"]
[EventCountry "USA"]
[SourceTitle "CB01_2025"]
[SourceDate "2025.01.01"]
[SourceVersion "1"]
[SourceVersionDate "2025.01.01"]
[SourceQuality "1"]

1. d4 Nf6 2. c4 e6 3. Nc3 d5 4. cxd5 exd5 5. Bg5 c6 6. e3 h6 7. Bh4 Be7 8. Bd3 0-0 9. Nge2 Re8 10. 0-0 a5 11. Rc1 Nbd7 12. h3 Nh5 13. Bxe7 Qxe7 14. Qd2 Nb6 15. Rfe1 a4 16. Nf4 Qg5 17. Nxh5 Qxh5 18. e4 Be6 19. e5 Nc4 20. Bxc4 dxc4 21. Ne4 a3 22. Nd6 Red8 23. bxa3 Rxa3 24. Nxc4 Ra4 25. Nd6 Rxa2 26. Qf4 Rb2 27. Rc3 Qg5 28. Qxg5 hxg5 29. Ra1 Rb4 30. Ra7 Rxd4 31. Rxb7 Rd1+ 32. Kh2 Re1 33. Re3 Rxe3 34. fxe3 Rd7 35. Rxd7 Bxd7 36. Ne4 Kh7 37. Nc5 Bc8 38. Kg3 Kg6 39. e4 f5 40. Kf3 f4 41. g3 Bxh3 42. gxf4 gxf4 43. Kxf4 Kf7 44. Kg5 Bc8 45. Kh5 Be6 46. Kg5 Bc8 47. Kh5 Be6 1/2-1/2